LEADER 01458nam 22005175u 450 001 9910158691503321 005 20211006145141.0 010 $a9783318041828 010 $a3318041823 035 $a(CKB)3780000000101788 035 $a(OCoLC)950995351 035 $a(SZ-BaSKA)220786 035 $a(MiAaPQ)EBC31865187 035 $a(Au-PeEL)EBL31865187 035 $a(EXLCZ)993780000000101788 100 $a20211006d1985 uy 0 101 0 $aeng 135 $aurunu||||| 181 $ctxt$2rdacontent 182 $cc$2rdamedia 183 $acr$2rdacarrier 200 10$aNeuro-Oncology : $eMansell Bequest Symposium on Advances in Neuro-Oncology, London, October 1984: Proceedings / $f editors, F. Clifford Rose, W.S. Fields 205 $a1st ed. 210 $aBasel : $cS. Karger, $d1985 215 $a1 online resource (XIV + 274 pages) : $c 70 figures, 59 tables 225 1 $aIssn Series 311 08$a9783805540544 311 08$a380554054X 410 0$aIssn Series 606 $aOncology 606 $aNeurology 606 $aNeurosurgery 606 $aGenetics 606 $aNuclear Medicine 615 14$aOncology 615 14$aNeurology 615 14$aNeurosurgery 615 24$aGenetics 615 24$aNuclear Medicine 700 $aClifford Rose$b F$01215390 801 0$bUKSKG 801 1$bUKSKG 906 $aBOOK 912 $a9910158691503321 996 $aNeuro-Oncology$92813027 997 $aUNINA